书目信息 |
| 题名: |
中国现当代散文鉴赏教师用书
|
|
| 作者: | ;语文出版社 编 | |
| 分册: | 语文 | |
| 出版信息: | 北京 语文出版社 2018 |
|
| 页数: | 398页 | |
| 开本: | 21cm | |
| 丛书名: | 普通高中课程标准实验教科书 | |
| 单 册: | ||
| 中图分类: | G633.303 , I207.6 | |
| 科图分类: | ||
| 主题词: | 语文课--yu wen ke--高中--教学参考书 , 散文--san wen--鉴赏--中国--现代--选集 | |
| 电子资源: | ||
| ISBN: | 978-7-80184-562-7 | |
| 000 | 01099nam 2200289 45 | |
| 001 | 012001001441 | |
| 005 | 20140125080635.0 | |
| 010 | @a978-7-80184-562-7@dCNY31.00 | |
| 016 | @aCN-A42-05-0060-0@b光盘 | |
| 099 | @aCAL 012009113868 | |
| 100 | @a20090708d2005 km y0chiy50 ea | |
| 101 | 0 | @achi |
| 102 | @aCN@b110000 | |
| 105 | @ay z 000yy | |
| 106 | @ar | |
| 200 | 1 | @a中国现当代散文鉴赏教师用书@Azhong guo xian dang dai san wen jian shang jiao shi yong shu@h语文@f语文出版社教材研究中心编@FYu Wen Chu Ban She Jiao Cai Yan Jiu Zhong Xin Bian@PYWCBSJCYJZXB |
| 210 | @a北京@c语文出版社@d2018 | |
| 215 | @a398页@d21cm@e光盘1片 | |
| 225 | 2 | @a普通高中课程标准实验教科书@Apu tong gao zhong ke cheng biao zhun shi yan jiao ke shu@e选修@i语文 |
| 410 | 0 | @12001@a普通高中课程标准实验教科书@i语文 |
| 606 | 0 | @a语文课@Ayu wen ke@x高中@j教学参考书 |
| 606 | 0 | @a散文@Asan wen@x鉴赏@y中国@z现代@j选集 |
| 690 | @aG633.303@v4 | |
| 690 | @aI207.6@v4 | |
| 711 | 02 | @a语文出版社@Ayu wen chu ban she@b教材研究中心@4编 |
| 801 | 0 | @aCN@b江苏凤凰@c20191020 |
| 905 | @b1239213-5@dG633.303@e774@f3 | |
| 中国现当代散文鉴赏教师用书.语文/语文出版社教材研究中心编.-北京:语文出版社,2018 |
| 398页;21cm+光盘1片.-(普通高中课程标准实验教科书:选修.语文) |
| ISBN 978-7-80184-562-7:CNY31.00 |
| ● |
| 相关链接 |
|
|
|
|
正题名:中国现当代散文鉴赏教师用书
索取号:G633.303/774
 
预约/预借
| 序号 | 登录号 | 条形码 | 馆藏地/架位号 | 状态 | 备注 |
| 1 | 1239213 | 212392132 | 第一样本阅览室/ [索取号:G633.303/774] | 在馆 | |
| 2 | 1239214 | 212392141 | 第四借阅区/ [索取号:G633.303/774] | 在馆 | |
| 3 | 1239215 | 212392150 | 教育系资料室/ [索取号:G633.303/774] | 在馆 |